عرض عادي
عرض مارك
- Computers and IT
مدخل مصطلح موضوعي
001 - رقم الضبط
- حقل الضبط: 45343
003 - معرف رقم الضبط
- حقل الضبط: OSt
005 - تاريخ ووقت أخر عملية
- حقل الضبط: 20140517172213.0
008 - عناصر بيانات ثابتة الطول
- حقل تحكم ثابت الطول: 140517|||a|||||| | ||| d
040 ## - مصدر الفهرسة
- هيئة الفهرسة الأصلية: OSt
- وكالة الكتابة: OSt
150 ## - مدخل-- مصطلح تاريخي
- عنصر مدخل المصطلح الموضوعي او الاسم الجغرافي: Computers and IT
670 ## - بيانات المصدر موجوده
- الاستشهاد بالمصدر: Work cat.: (OSt): Cushing, Steve. 45342, AQA GCSE computer science. Student's book /, 2013.
